000 00442nam a22001817a 4500
003 MPLRDC
005 20220104144151.0
008 210129b ||||| |||| 00| 0 eng d
020 _a7-115-04752-9
082 _a448.41 BJS
100 _a北京市教育局编
245 _a家用电工
_c
250 _a一版一刷
260 _a
_b人民邮电出版社
_c1992
300 _b
650 _a电动力用具
942 _cBK
_o448.41 BJS
999 _c47022
_d47012